INORGANIC CHEMISTRY:PRINCIPLES OF STRUCTURE AND REACTIVITY (Record no. 111114)

MARC details
000 -LEADER
fixed length control field 00413nam a2200121Ia 4500
008 - FIXED-LENGTH DATA ELEMENTS--GENERAL INFORMATION
fixed length control field 211119s9999||||xx |||||||||||||| ||und||
082 ## - DEWEY DECIMAL CLASSIFICATION NUMBER
Classification number 546
Item number HUH-I
100 ## - MAIN ENTRY--PERSONAL NAME
Personal name Huheey, James E
245 #0 - TITLE STATEMENT
Title INORGANIC CHEMISTRY:PRINCIPLES OF STRUCTURE AND REACTIVITY
260 ## - PUBLICATION, DISTRIBUTION, ETC.
Name of publisher, distributor, etc. PEARSON EDUCATION
Place of publication, distribution, etc. SOUTH ASIA
Date of publication, distribution, etc. 2006
650 ## - SUBJECT ADDED ENTRY--TOPICAL TERM
Topical term or geographic name entry element Natural Sciences
942 ## - ADDED ENTRY ELEMENTS (KOHA)
Koha item type BOOK
650 ## - SUBJECT ADDED ENTRY--TOPICAL TERM
Form subdivision ChemistryInorganic ChemistryGeneralia
General subdivision Reference Reading Room
Holdings
Withdrawn status Lost status Damaged status Not for loan Home library Current library Date acquired Cost, normal purchase price Total Checkouts Full call number Barcode Shelving location Date due Date last seen Date last checked out Price effective from Koha item type
        SB LIBRARY SB LIBRARY 19/11/2021 100.00 28 546 HUH-I 00124560 REFERENCE READING ROOM 11/04/2026 26/03/2026 26/03/2026 19/11/2021 BOOK

Powered by Koha